| 000 | 00514nam a22002057a 4500 | ||
|---|---|---|---|
| 003 | CO-ViMGA | ||
| 005 | 20230915225020.0 | ||
| 008 | 150710b | ||
| 020 | _a9789588841595 | ||
| 040 |
_aCO-ViMGA _bspa _cCO-ViMGA |
||
| 090 | _bC QUI1 | ||
| 100 | 1 | _4QUIROGA HORACIO | |
| 245 | 1 | 0 | _aLAS MEDIAS DE LOS FLAMENCOS |
| 250 | _aLEER ES MI CUENTO | ||
| 260 |
_aBOGOTA _bEL NACIONAL _c2014 |
||
| 300 | _a{42} PAGINAS | ||
| 650 | 1 | 4 | _2CUENTO INFANTIL |
| 700 | 1 | _4RODRIGUEZ LEONARDO | |
| 942 |
_2ddc _cBK _hC QUI1 |
||
| 999 |
_c10106 _d10106 |
||